Sports Quiz

Random Sports Quiz
Score 0/30 Timer 04:00
0 Plays Today
Player Answer % Correct
Ken Forsch ???
100%
Babe Ruth ???
98.9%
Roy Halladay ???
97.7%
Jack Morris???
95.3%
Bob Feller???
93.1%
Johnny Vander Meer???
93.1%
Cy Young???
90.8%
Sandy Koufax???
90.8%
Tom Seaver???
90.8%
Christy Mathewson???
88.5%
Bob Gibson???
88.5%
John Smoltz???
86.2%
Warren Spahn???
83.9%
Tom Glavine???
83.9%
Jake Peavy???
82.8%
Player Answer % Correct
Greg Maddux???
81.6%
Andy Pettitte???
81.4%
Matt Cain???
79.1%
Bob Forsch???
76.7%
Whitey Ford???
74.4%
Dizzy Dean???
73.6%
Roger Clemens???
72.1%
Ferguson Jenkins???
71.3%
Ron Guidry???
67.4%
Bert Blyleven???
65.1%
Cliff Lee???
65.1%
Steve Carlton???
58.1%
Pedro Martinez???
55.8%
Don Drysdale???
41.9%
Grover Cleveland Alexander???
27.9%

You're not logged in!

Compare scores with friends on all Sporcle quizzes.
OR
Log In

Sporcle TV

Today on Sporcle TV


Watch our educational content, quiz creation guides, and fun videos on Sporcle TV.

Show Comments

Extras

Created Oct 1, 2013ReportNominate
Tags:Extra, Hitter, No Hitter, Player, throw

Top Quizzes Today


Score Distribution

Paid Content

Your Account Isn't Verified!

In order to create a playlist on Sporcle, you need to verify the email address you used during registration. Go to your Sporcle Settings to finish the process.

Report this User

Report this user for behavior that violates our Community Guidelines.

Details: